[Event "Florianopolis op 8th"]
[Site "Florianopolis"]
[Date "2022.01.29"]
[Round "9"]
[White "De Borba, Gabriel"]
[Black "Aranha Filho, Alvaro Zimmermann"]
[Result "1/2-1/2"]
[WhiteElo "2149"]
[BlackElo "2283"]
[PlyCount "36"]
[EventDate "2022.01.24"]
[EventType "swiss"]
[EventRounds "10"]
[EventCountry "BRA"]
[SourceTitle "EXT 2023"]
[Source "ChessBase"]
[SourceDate "2022.10.05"]
[SourceVersion "1"]
[SourceVersionDate "2022.10.05"]
[SourceQuality "1"]

1. e4 c5 2. Nf3 Nc6 3. c3 d5 4. exd5 Qxd5 5. Na3 Bg4 6. Be2 e6 7. 0-0 Nf6 8. d4 cxd4 9. Nb5 Qd7 10. Nbxd4 a6 11. Bf4 Be7 12. Nxc6 Qxc6 13. Nd4 Bxe2 14. Qxe2 Qe4 15. Qxe4 Nxe4 16. Rfe1 Nf6 17. c4 0-0 18. Kf1 Rfd8 1/2-1/2

[Event "BRA-ch U18"]
[Site "Florianopolis"]
[Date "2021.07.02"]
[Round "2"]
[White "Machado, Luiz Fernando"]
[Black "De Borba, Gabriel"]
[Result "0-1"]
[WhiteElo "1708"]
[BlackElo "2099"]
[PlyCount "114"]
[EventDate "2021.07.01"]
[EventType "swiss"]
[EventRounds "6"]
[EventCountry "BRA"]
[SourceTitle "CBM 203 Extra"]
[Source "ChessBase"]
[SourceDate "2021.09.30"]
[SourceVersion "1"]
[SourceVersionDate "2021.09.30"]
[SourceQuality "1"]

1. e4 c5 2. Nf3 e6 3. d4 cxd4 4. Nxd4 Nf6 5. Nc3 d6 6. Be3 Be7 7. Be2 0-0 8. Qd2 Nc6 9. Nb3 a6 10. 0-0-0 b5 11. f3 b4 12. Na4 Rb8 13. Nd4 Bd7 14. b3 Nxd4 15. Qxd4 Bxa4 16. bxa4 Qa5 17. Bc4 Qxa4 18. Bb3 Qc6 19. Qc4 Rfc8 20. Qxc6 Rxc6 21. Ba4 Rc7 22. Bg5 h6 23. Bh4 Kf8 24. Bxf6 gxf6 25. Rd3 Rc5 26. f4 f5 27. Re1 fxe4 28. Rxe4 d5 29. Re2 Bf6 30. Kd2 Ke7 31. Ke3 Rbc8 32. Kf3 Rc3 33. Red2 Kd6 34. g4 R8c5 35. Bb3 Ra5 36. Rxc3 Bxc3 37. Rg2 Ra3 38. g5 hxg5 39. Rxg5 a5 40. h4 a4 41. h5 axb3 42. axb3 Ra2 43. Rg2 Ra8 44. Rh2 Rh8 45. Kg4 Bg7 46. Kg5 Bh6+ 47. Kf6 Bxf4 48. Rh4 Rh6+ 49. Kg7 Bg5 50. Rxb4 Rxh5 51. Kxf7 Be3 52. Rb8 Rf5+ 53. Kg6 Rf4 54. b4 Rc4 55. Kf6 Bd4+ 56. Kf7 Rc7+ 57. Kg6 Rxc2 0-1

[Event "Timbo op"]
[Site "Timbo"]
[Date "2021.02.21"]
[Round "5"]
[White "Da Silva Junior, Marco Aurelio"]
[Black "De Borba, Gabriel"]
[Result "0-1"]
[WhiteElo "1704"]
[BlackElo "2075"]
[PlyCount "66"]
[EventDate "2021.02.19"]
[EventType "swiss"]
[EventRounds "6"]
[EventCountry "BRA"]
[SourceTitle "EXT 2022"]
[Source "ChessBase"]
[SourceDate "2021.10.06"]
[SourceVersion "1"]
[SourceVersionDate "2021.10.06"]
[SourceQuality "1"]

1. Nf3 Nf6 2. g3 g6 3. b3 Bg7 4. Bb2 0-0 5. Bg2 d6 6. d4 Nbd7 7. 0-0 c5 8. e3 Rb8 9. c4 b5 10. cxb5 Rxb5 11. dxc5 Rxc5 12. Bd4 Rc7 13. Na3 Ba6 14. Re1 Nc5 15. Bf1 Bxf1 16. Rxf1 Qb8 17. Qe2 Rfc8 18. Bb2 Nfe4 19. Bxg7 Kxg7 20. Qb2+ Kg8 21. Qd4 Qb7 22. Nc4 Ne6 23. Qd3 N6g5 24. Nxg5 Nxg5 25. e4 Nxe4 26. Qe3 d5 27. Ne5 Rc3 28. Qf4 f6 29. Ng4 Ng5 30. Kg2 Rf3 31. Qd4 e5 32. Qd2 d4 33. Nxf6+ Rxf6+ 0-1

[Event "Florianopolis op 7th"]
[Site "Florianopolis"]
[Date "2021.01.23"]
[Round "8"]
[White "De Borba, Gabriel"]
[Black "Deus Filho, Joaquim"]
[Result "1-0"]
[WhiteElo "2168"]
[BlackElo "1923"]
[PlyCount "65"]
[EventDate "2021.01.18"]
[EventType "swiss"]
[EventRounds "10"]
[EventCountry "BRA"]
[SourceTitle "CBM 200 Extra"]
[Source "ChessBase"]
[SourceDate "2021.03.31"]
[SourceVersion "1"]
[SourceVersionDate "2021.03.31"]
[SourceQuality "1"]

1. e4 c5 2. Nf3 Nf6 3. Nc3 d6 4. d4 cxd4 5. Nxd4 g6 6. Be2 Bg7 7. Be3 Nc6 8. Nb3 a6 9. f4 Qc7 10. g4 e6 11. g5 Nd7 12. Qd2 Na5 13. Nxa5 Qxa5 14. Qxd6 Bxc3+ 15. bxc3 Qxc3+ 16. Kf2 Qc6 17. Qxc6 bxc6 18. e5 Kd8 19. Bf3 Kc7 20. Rhd1 a5 21. Rd6 Ra6 22. Be2 Ra8 23. Rxc6+ Kxc6 24. Bf3+ Kc7 25. Bxa8 Bb7 26. Bxb7 Kxb7 27. Rb1+ Ka6 28. Rd1 Nb8 29. c4 Rc8 30. Rd6+ Rc6 31. c5 Kb5 32. Ke2 Na6 33. a4+ 1-0

[Event "Sao Paulo Carnaval op"]
[Site "Sao Paulo"]
[Date "2020.02.22"]
[Round "2"]
[White "Aoyama, Edmundo"]
[Black "De Borba, Gabriel"]
[Result "0-1"]
[WhiteElo "1804"]
[BlackElo "2148"]
[PlyCount "70"]
[EventDate "2020.02.22"]
[EventType "swiss"]
[EventRounds "7"]
[EventCountry "BRA"]
[SourceTitle "CBM 195 Extra"]
[Source "ChessBase"]
[SourceDate "2020.05.31"]
[SourceVersion "1"]
[SourceVersionDate "2020.05.31"]
[SourceQuality "1"]

1. Nf3 Nf6 2. b3 g6 3. Bb2 Bg7 4. e3 0-0 5. Be2 b6 6. 0-0 Bb7 7. d4 d5 8. Nbd2 Nbd7 9. c4 c5 10. dxc5 Nxc5 11. Rc1 Rc8 12. cxd5 Qxd5 13. Bc4 Qd7 14. Qe2 Nfe4 15. Bxg7 Kxg7 16. Nxe4 Nxe4 17. Rfd1 Qf5 18. Nd4 Qg5 19. f3 Nd6 20. Be6 Rxc1 21. Rxc1 Kg8 22. Bh3 e5 23. Nc6 f5 24. Nxe5 Re8 25. f4 Qe7 26. g4 Nf7 27. Nxf7 Qxf7 28. gxf5 gxf5 29. Kf2 h6 30. Qb5 Be4 31. Rg1+ Kh7 32. Rd1 Re7 33. Qb4 Qf6 34. Rg1 Qb2+ 35. Ke1 Rc7 0-1

[Event "Florianopolis op 6th"]
[Site "Florianopolis"]
[Date "2020.01.23"]
[Round "6"]
[White "De Borba, Guilherme"]
[Black "De Borba, Gabriel"]
[Result "1/2-1/2"]
[WhiteElo "2263"]
[BlackElo "2124"]
[PlyCount "23"]
[EventDate "2020.01.20"]
[EventType "swiss"]
[EventRounds "10"]
[EventCountry "BRA"]
[SourceTitle "CBM 194 Extra"]
[Source "ChessBase"]
[SourceDate "2020.03.31"]
[SourceVersion "1"]
[SourceVersionDate "2020.03.31"]
[SourceQuality "1"]

1. Nf3 d5 2. b3 c5 3. e3 Nc6 4. Bb2 Nf6 5. Bb5 Bd7 6. 0-0 e6 7. d3 Bd6 8. Bxc6 Bxc6 9. Ne5 0-0 10. Nxc6 bxc6 11. Qe2 Qc7 12. h3 1/2-1/2

[Event "Caioba Telecom op 5th"]
[Site "Caioba"]
[Date "2019.08.16"]
[Round "7"]
[White "De Borba, Gabriel"]
[Black "Moura, Eduardo Henrique B"]
[Result "1-0"]
[WhiteElo "2064"]
[BlackElo "2141"]
[PlyCount "73"]
[EventDate "2019.08.12"]
[EventType "swiss"]
[EventRounds "9"]
[EventCountry "BRA"]
[SourceTitle "EXT 2020"]
[Source "ChessBase"]
[SourceDate "2019.10.17"]
[SourceVersion "1"]
[SourceVersionDate "2019.10.17"]
[SourceQuality "1"]

1. e4 c5 2. Nf3 g6 3. c3 Bg7 4. d4 cxd4 5. cxd4 d5 6. e5 Nc6 7. h3 f6 8. Bb5 Nh6 9. exf6 exf6 10. 0-0 0-0 11. Nc3 Ne7 12. Re1 a6 13. Ba4 b5 14. Bb3 Kh8 15. Qe2 Ra7 16. Bf4 Nf7 17. Rac1 Bh6 18. Bxh6 Nxh6 19. Qd2 Nf7 20. Qf4 Kg7 21. Re2 Bb7 22. Re6 Ng8 23. Rce1 Qd7 24. h4 Raa8 25. h5 Rae8 26. Rxe8 Rxe8 27. Rxe8 Qxe8 28. hxg6 hxg6 29. Nxd5 Nd8 30. Nc7 Qd7 31. d5 Ne7 32. d6 Nc8 33. Nd4 Nxd6 34. Nde6+ Nxe6 35. Nxe6+ Kh8 36. Qh2+ Qh7 37. Qxd6 1-0

[Event "Caioba Telecom op 5th"]
[Site "Caioba"]
[Date "2019.08.13"]
[Round "3"]
[White "De Borba, Gabriel"]
[Black "Terao, Juliana Sayumi"]
[Result "0-1"]
[WhiteElo "2064"]
[BlackElo "2227"]
[PlyCount "102"]
[EventDate "2019.08.12"]
[EventType "swiss"]
[EventRounds "9"]
[EventCountry "BRA"]
[SourceTitle "EXT 2020"]
[Source "ChessBase"]
[SourceDate "2019.10.17"]
[SourceVersion "1"]
[SourceVersionDate "2019.10.17"]
[SourceQuality "1"]

1. e4 e5 2. Nf3 Nc6 3. Bb5 a6 4. Ba4 d6 5. c3 Bd7 6. 0-0 g6 7. d4 Bg7 8. h3 Nf6 9. Re1 0-0 10. Bg5 h6 11. Bxf6 Bxf6 12. dxe5 dxe5 13. Nbd2 b5 14. Bc2 Qc8 15. Nf1 Bg7 16. Ne3 Re8 17. Qe2 Nd8 18. a4 Ne6 19. Nd5 Qb7 20. axb5 axb5 21. g3 c6 22. Ne3 h5 23. b4 c5 24. Nd2 cxb4 25. cxb4 Nd4 26. Qd3 Bxh3 27. Bb3 Qe7 28. Nd5 Qg5 29. Nf3 Qg4 30. Nxd4 exd4 31. Rxa8 Rxa8 32. Qxb5 Qf3 33. Nf4 Qxb3 34. Nxh3 d3 35. Qd7 h4 36. Nf4 hxg3 37. fxg3 d2 38. Qxd2 Qxg3+ 39. Ng2 Be5 40. Rd1 Qh2+ 41. Kf2 Ra6 42. Qg5 Rf6+ 43. Ke2 Kg7 44. Rf1 Ra6 45. Kd3 Qh3+ 46. Ne3 f6 47. Qg1 Ra3+ 48. Ke2 Ra2+ 49. Kd3 Qd7+ 50. Kc4 Qc6+ 51. Kb3 Rb2+ 0-1

[Event "American Continental 15th"]
[Site "Sao Paulo"]
[Date "2019.07.09"]
[Round "6"]
[White "De Borba, Gabriel"]
[Black "Lima, Darcy Gustavo Macha"]
[Result "0-1"]
[WhiteElo "2116"]
[BlackElo "2543"]
[PlyCount "114"]
[EventDate "2019.07.05"]
[EventType "swiss"]
[EventRounds "11"]
[EventCountry "BRA"]
[SourceTitle "CBM 191 Extra"]
[Source "ChessBase"]
[SourceDate "2019.09.30"]
[SourceVersion "1"]
[SourceVersionDate "2019.09.30"]
[SourceQuality "1"]

1. e4 e5 2. Nf3 Nc6 3. Bb5 Nge7 4. 0-0 Ng6 5. c3 d6 6. d4 Bd7 7. Nbd2 Be7 8. Re1 0-0 9. Nc4 Bf6 10. d5 Nce7 11. Bxd7 Qxd7 12. Ne3 Nf4 13. g3 Nh3+ 14. Kg2 Ng5 15. Nf5 Nxf5 16. Nxg5 Bxg5 17. Bxg5 f6 18. Bd2 Ne7 19. c4 f5 20. f3 c5 21. Qc2 Rf7 22. Rf1 Raf8 23. Qd3 Ng6 24. Qe2 h6 25. a3 Rf6 26. b4 b6 27. Rab1 Qa4 28. Qd3 fxe4 29. fxe4 Rxf1 30. Rxf1 Rxf1 31. Kxf1 Qd1+ 32. Kg2 Nf8 33. bxc5 bxc5 34. Kf2 Qh1 35. h4 Nd7 36. Qf3 Qxf3+ 37. Kxf3 Nb6 38. Bc3 Nxc4 39. a4 h5 40. Ke2 Kf7 41. Kd3 Nb6 42. a5 Nd7 43. Kc4 Nf6 44. Kd3 Ke7 45. a6 Kd7 46. Ba5 Ne8 47. Kc4 Nc7 48. Bd2 Nxa6 49. Kb5 Nc7+ 50. Kc4 Ne8 51. Kd3 Nf6 52. Be1 Kc8 53. Ba5 Ne8 54. Kc4 Nf6 55. Kb5 Kb7 56. Be1 a6+ 57. Ka5 Nd7 0-1